00972nam a2200145Ia 450000500170000000800410001702000180005808200130007610000220008924500350011126000390014630000140018550006150019965000120081420250723104353.0250723s9999 xx 000 0 und d a9780195078589 a947bKAI aKaiser, Daniel H. 0aReinterpreting Russian History bOxford University Press, USAc1994 a445 pages aThis collection includes primary and secondary material, much of which has never before been published in English. Supplemented by over 70 illustrations, selections are introduced by placing them in the context of the work's major themes: state structure, the economy, society, and culture and everyday life. From the multi-ethnic peopling of early Russia to the elite society of the nineteenth century, original sources illuminate such topics as state-building, government and politics, the peasantry and the countryside, clergy and religious communities, and women and gender. --From publisher's description. aHistory